|
|
|
|
| LEADER |
00000nam0a2200000 4500 |
| 001 |
182692 |
| 005 |
20231101223717.0 |
| 010 |
|
|
|a 9785370015823
|
| 035 |
|
|
|a (RuTPU)RU\TPU\book\198038
|
| 090 |
|
|
|a 182692
|
| 100 |
|
|
|a 20100624d2011 m y0rusy50 ca
|
| 101 |
0 |
|
|a rus
|
| 102 |
|
|
|a RU
|
| 105 |
|
|
|a a j 001zy
|
| 200 |
1 |
|
|a Оценка недвижимости. Теория и практика
|e учебное пособие
|f Н. А. Щербакова
|
| 210 |
|
|
|a Москва
|c Омега-Л
|d 2011
|
| 215 |
|
|
|a 269 с.
|c ил.
|
| 225 |
1 |
|
|a Высшее финансовое образование
|
| 320 |
|
|
|a Библиогр.: с. 246-249.
|
| 330 |
|
|
|a В учебном пособии доступно изложены теоретические и практические аспекты оценки стоимости объектов недвижимости. Теоретические положения сопровождаются практическими примерами и задачами, облегчающими усвоение материала. Автор широко использует труды ведущих российских и зарубежных ученых, современное рвссийское законодательство, а также личный опыт, приобретенный благодаря сотрудничеству с практикующими оценщиками, многолетний (более 10 лет) опыт обучения оценщиков и преподавания в вузах дисциплин, связанных со сферой оценки недвижимости и другого имущества. Для студентов, аспирантов, соискателей, преподавателей вузов, а также для оценщиков, финансистов, страховщиков, руководителей предприятий и других лиц, связанных с оценкой недвижимости.
|
| 606 |
1 |
|
|a Недвижимость
|x Экономика
|2 stltpush
|3 (RuTPU)RU\TPU\subj\67549
|9 83306
|
| 606 |
1 |
|
|a Недвижимость
|x Рыночная стоимость
|x Оценка
|2 stltpush
|3 (RuTPU)RU\TPU\subj\36499
|
| 610 |
1 |
|
|a классификация
|
| 610 |
1 |
|
|a рынок недвижимости
|
| 610 |
1 |
|
|a рыночная экономика
|
| 610 |
1 |
|
|a оценочная деятельность
|
| 610 |
1 |
|
|a стоимость
|
| 610 |
1 |
|
|a сравнительный подход
|
| 610 |
1 |
|
|a затраты
|
| 610 |
1 |
|
|a доходы
|
| 610 |
1 |
|
|a земля
|
| 610 |
1 |
|
|a оформление
|
| 610 |
1 |
|
|a кредитование
|
| 610 |
1 |
|
|a инвестиции
|
| 610 |
1 |
|
|a ипотечное кредитование
|
| 610 |
1 |
|
|a учебные пособия
|
| 686 |
|
|
|a У9(2)422.5я73
|v LBC/SL-A
|2 rubbk
|
| 686 |
|
|
|a У05я73
|v LBC/SL-A
|2 rubbk
|
| 700 |
|
1 |
|a Щербакова
|b Н. А.
|g Наталья Александровна
|
| 801 |
|
1 |
|a RU
|b 63413507
|c 20100624
|
| 801 |
|
2 |
|a RU
|b 63413507
|c 20150601
|g RCR
|
| 942 |
|
|
|c BK
|
| 959 |
|
|
|a 45/20100624
|d 2
|e 129,90
|f АНЛ:1
|f ЧЗГЛ:1
|